[Event "SWE-chT 1819 Elite"]
[Site "Sweden"]
[Date "2019.03.31"]
[Round "9.5"]
[White "Lundin, Jan"]
[Black "Arvidsson, Tomas"]
[Result "1-0"]
[WhiteElo "2293"]
[BlackElo "2042"]
[PlyCount "45"]
[EventDate "2018.11.09"]
[EventType "team-tourn"]
[EventRounds "9"]
[EventCountry "SWE"]
[SourceTitle "CBM 189 Extra"]
[Source "ChessBase"]
[SourceDate "2019.05.31"]
[SourceVersion "1"]
[SourceVersionDate "2019.05.31"]
[SourceQuality "1"]
[WhiteTeam "Farsta"]
[BlackTeam "Norrkoping Schack 08"]
[WhiteTeamCountry "SWE"]
[BlackTeamCountry "SWE"]

1. d4 Nf6 2. Nf3 g6 3. c4 Bg7 4. Nc3 d6 5. Bg5 h6 6. Bh4 g5 7. Bg3 Nh5 8. e3 Nd7 9. Be2 Ndf6 10. Qc2 Bg4 11. 0-0-0 Qd7 12. Ne5 dxe5 13. dxe5 Qc6 14. exf6 Nxf6 15. Bxg4 Nxg4 16. Nd5 Ne5 17. Qe4 f5 18. Qxf5 Qxc4+ 19. Kb1 Rf8 20. Qe6 Rf7 21. Rd4 Qc6 22. Bxe5 Bxe5 23. Qxe5 1-0

[Event "SWE-chT 1718 Superettan"]
[Site "Sweden"]
[Date "2017.10.22"]
[Round "3"]
[White "Larsson, Johan"]
[Black "Arvidsson, Tomas"]
[Result "1/2-1/2"]
[WhiteElo "2184"]
[BlackElo "2011"]
[PlyCount "124"]
[EventDate "2017.10.20"]
[EventType "team-tourn"]
[EventRounds "9"]
[EventCountry "SWE"]
[SourceTitle "EXT 2019"]
[Source "ChessBase"]
[SourceDate "2018.10.10"]
[SourceVersion "1"]
[SourceVersionDate "2018.10.10"]
[SourceQuality "1"]
[WhiteTeam "Umea Rockaden"]
[BlackTeam "Norrkoping Schack 08"]
[WhiteTeamCountry "SWE"]
[BlackTeamCountry "SWE"]

1. d4 Nf6 2. c4 g6 3. Nc3 Bg7 4. e4 d6 5. f3 0-0 6. Be3 Nbd7 7. Qd2 e5 8. Nge2 c6 9. d5 c5 10. g4 a6 11. Ng3 Re8 12. Bh6 Nf8 13. h4 N6d7 14. 0-0-0 Bxh6 15. Qxh6 Qf6 16. Bg2 Qf4+ 17. Qxf4 exf4 18. Nge2 Ne5 19. b3 Bxg4 20. Rhf1 Bd7 21. Nxf4 b5 22. Nd3 Nxd3+ 23. Rxd3 b4 24. Ne2 a5 25. Kb2 a4 26. Nc1 axb3 27. axb3 Ra3 28. Re1 f5 29. e5 Rxe5 30. Rxe5 dxe5 31. Re3 Kg7 32. Rxe5 Kf6 33. f4 h6 34. Nd3 g5 35. hxg5+ hxg5 36. fxg5+ Kxg5 37. Nxc5 Kf6 38. Re1 Ra8 39. Nd3 Ng6 40. Nxb4 Ne5 41. Kc3 Rg8 42. Bh1 Rg3+ 43. Kb2 f4 44. c5 f3 45. c6 Bh3 46. Bxf3 Rxf3 47. d6 Be6 48. d7 Nxd7 49. cxd7 Bxd7 50. Nc2 Rf2 51. Kc3 Rf3+ 52. Kc4 Rf4+ 53. Nd4 Rf2 54. b4 Rf4 55. Kc5 Rg4 56. Re3 Rg1 57. Kd6 Rd1 58. Rf3+ Kg5 59. Kc5 Rc1+ 60. Kb6 Rc4 61. Rd3 Rxb4+ 62. Kc5 Rb7 1/2-1/2

[Event "SWE Cup"]
[Site "Linkoping"]
[Date "2017.09.09"]
[Round "3.1"]
[White "Engstrom, Kaj"]
[Black "Arvidsson, Tomas"]
[Result "0-1"]
[WhiteElo "2149"]
[BlackElo "2011"]
[PlyCount "110"]
[EventDate "2017.09.08"]
[EventType "team-swiss"]
[EventRounds "7"]
[EventCountry "SWE"]
[SourceTitle "CBM 180 Extra"]
[Source "ChessBase"]
[SourceDate "2017.10.06"]
[SourceVersion "1"]
[SourceVersionDate "2017.10.06"]
[SourceQuality "1"]
[WhiteTeam "Kungstornet"]
[BlackTeam "Norrkoping Schack 08"]
[WhiteTeamCountry "SWE"]
[BlackTeamCountry "SWE"]

1. e4 c5 2. Nf3 Nc6 3. Bb5 Nd4 4. Nxd4 cxd4 5. Qf3 Qc7 6. c3 e6 7. 0-0 Qc5 8. Na3 a6 9. b4 Qc7 10. Be2 dxc3 11. dxc3 b5 12. c4 Bxb4 13. cxb5 Qc3 14. e5 Qxf3 15. Bxf3 Rb8 16. Rb1 Bc5 17. Rb3 Ne7 18. Bd2 Bxa3 19. bxa6 Rxb3 20. a7 Rxf3 21. a8Q Rd3 22. Bg5 h6 23. Bxe7 Kxe7 24. h3 f6 25. Rb1 fxe5 26. Rb8 Rc3 27. Qa5 Rc1+ 28. Kh2 Bd6 29. Ra8 Rf8 30. Qd2 e4+ 31. g3 Rf1 32. Kg2 R8xf2+ 33. Qxf2 Rxf2+ 34. Kxf2 Bb7 35. Ra4 Bc5+ 36. Ke1 Bd5 37. Ke2 Kd6 38. Ke1 Ke5 39. Ke2 g5 40. Ke1 h5 41. Ke2 h4 42. gxh4 gxh4 43. Ke1 Kf4 44. Ke2 Kg3 45. Ra5 d6 46. Ke1 Kxh3 47. Rb5 Bxa2 48. Rb8 e5 49. Ra8 Bd5 50. Rd8 Kg3 51. Rd7 Bf2+ 52. Kd1 Bb3+ 53. Kc1 h3 54. Rg7+ Kf3 55. Rh7 Be6 0-1

[Event "SWE-chT 1415 Superettan"]
[Site "Sweden"]
[Date "2015.03.21"]
[Round "8"]
[White "Arvidsson, Tomas"]
[Black "Gutzmann, Tobias"]
[Result "0-1"]
[WhiteElo "1992"]
[BlackElo "2123"]
[PlyCount "138"]
[EventDate "2014.11.21"]
[EventType "team-tourn"]
[EventRounds "9"]
[EventCountry "SWE"]
[SourceTitle "EXT 2018"]
[Source "ChessBase"]
[SourceDate "2017.10.13"]
[SourceVersion "1"]
[SourceVersionDate "2017.10.13"]
[SourceQuality "1"]
[WhiteTeam "Norrkoping Schack 08"]
[BlackTeam "Vaxjo"]
[WhiteTeamCountry "SWE"]
[BlackTeamCountry "SWE"]

1. e4 e6 2. d4 d5 3. e5 c5 4. c3 Nc6 5. Nf3 Bd7 6. Be2 Nge7 7. a3 Ng6 8. b4 cxd4 9. cxd4 Be7 10. g3 0-0 11. h4 f6 12. h5 Nh8 13. Bf4 Nf7 14. Qd3 Qb6 15. Nc3 Nxd4 16. Nxd4 fxe5 17. Be3 exd4 18. Bxd4 Qd8 19. f4 Bf6 20. Bc5 Re8 21. g4 Rc8 22. Rc1 b6 23. Bf2 Nd6 24. g5 Rxc3 25. Rxc3 Bb5 26. Qc2 Bxc3+ 27. Qxc3 Qc8 28. Qe5 Qc1+ 29. Bd1 Ne4 30. Qd4 Qxf4 31. h6 Qxf2+ 32. Qxf2 Nxf2 33. Kxf2 gxh6 34. Rxh6 Bd3 35. Bh5 Rf8+ 36. Ke3 Bf5 37. Kd4 Kg7 38. Ke5 Bg6 39. Kxe6 Rf5 40. Bxg6 hxg6 41. Rh3 Rxg5 42. Rf3 Kh6 43. Rf7 a5 44. Rb7 Rg3 45. Kxd5 Rxa3 46. Rxb6 axb4 47. Rxb4 Re3 48. Rb1 g5 49. Rh1+ Kg6 50. Kd4 Rf3 51. Rh8 Kf5 52. Rf8+ Kg4 53. Rg8 Kf4 54. Rf8+ Kg3 55. Rg8 g4 56. Ke4 Rf7 57. Rg6 Kh3 58. Ke3 g3 59. Rh6+ Kg2 60. Rh8 Kg1 61. Ke2 g2 62. Ke1 Re7+ 63. Kd2 Re5 64. Rh7 Kf2 65. Rf7+ Kg3 66. Rg7+ Kf3 67. Rg8 Re4 68. Kd3 Rg4 69. Rf8+ Kg3 0-1

[Event "SWE-chT2 1213"]
[Site "Sweden"]
[Date "2013.03.15"]
[Round "7"]
[White "Bjarnehag, Peter"]
[Black "Arvidsson, Tomas"]
[Result "1-0"]
[WhiteElo "2176"]
[BlackElo "2134"]
[PlyCount "119"]
[EventDate "2012.10.20"]
[EventType "team-tourn"]
[EventRounds "9"]
[EventCountry "SWE"]
[SourceTitle "EXT 2015"]
[Source "ChessBase"]
[SourceDate "2014.11.20"]
[SourceVersion "1"]
[SourceVersionDate "2014.11.20"]
[SourceQuality "1"]
[WhiteTeam "Solna"]
[BlackTeam "Norrkoping Schack 08"]
[WhiteTeamCountry "SWE"]
[BlackTeamCountry "SWE"]

1. Nf3 Nf6 2. c4 g6 3. d4 Bg7 4. g3 0-0 5. Bg2 d6 6. Nc3 Nc6 7. 0-0 Bg4 8. h3 Bxf3 9. Bxf3 Nd7 10. Be3 e5 11. Bxc6 bxc6 12. Qd2 f5 13. Rad1 f4 14. gxf4 Qh4 15. dxe5 Qxh3 16. Ne4 Nxe5 17. fxe5 Bxe5 18. f4 Qg4+ 19. Kf2 Bxf4 20. Ke1 Qh4+ 21. Nf2 Bxe3 22. Qxe3 Qxc4 23. Qb3 Qxb3 24. axb3 Rfb8 25. Rd3 Rb4 26. Rc3 c5 27. Nd3 Re4 28. Rf4 Rxf4 29. Nxf4 Rb8 30. Nd5 Rb7 31. Re3 h5 32. Kd2 Kg7 33. Re7+ Kh6 34. Kc3 h4 35. Re6 h3 36. Re3 c6 37. Rxh3+ Kg5 38. Ne3 d5 39. Nf1 Rb4 40. Rh7 d4+ 41. Kc2 c4 42. bxc4 Rxc4+ 43. Kd3 Rb4 44. Rxa7 Rxb2 45. Rc7 Rb6 46. Kxd4 Rb1 47. Nd2 Rd1 48. Kd3 Rc1 49. Nc4 Kf4 50. Rxc6 g5 51. Rf6+ Kg3 52. e4 Rd1+ 53. Ke2 Rd4 54. Nd2 g4 55. e5 Ra4 56. e6 Ra5 57. Ne4+ Kg2 58. Ke3 Ra8 59. Rg6 Ra3+ 60. Kf4 1-0

[Event "SWE-chT2 1112"]
[Site "Sweden"]
[Date "2012.02.04"]
[Round "5"]
[White "Arvidsson, Tomas"]
[Black "Johansson, Thomas"]
[Result "0-1"]
[WhiteElo "2162"]
[BlackElo "2260"]
[PlyCount "78"]
[EventDate "2011.10.22"]
[EventType "team-tourn"]
[EventRounds "9"]
[EventCountry "SWE"]
[SourceTitle "EXT 2013"]
[Source "ChessBase"]
[SourceDate "2012.11.22"]
[SourceVersion "1"]
[SourceVersionDate "2012.11.22"]
[SourceQuality "1"]
[WhiteTeam "Norrkoping Schack 08"]
[BlackTeam "Upsala"]
[WhiteTeamCountry "SWE"]
[BlackTeamCountry "SWE"]

1. e4 e6 2. d4 d5 3. e5 c5 4. c3 Nc6 5. Nf3 Qb6 6. a3 c4 7. Be2 f6 8. exf6 Nxf6 9. 0-0 Bd6 10. Qc2 0-0 11. Bg5 Bd7 12. Nbd2 Be8 13. b3 Bg6 14. Qb2 h6 15. Nh4 Bh7 16. Bxf6 Rxf6 17. Ra2 cxb3 18. Qxb3 Qc7 19. g3 Na5 20. Qb2 Rc8 21. c4 Nxc4 22. Nxc4 dxc4 23. f4 c3 24. Qc1 Qb6 25. Nf3 Be4 26. Qe3 Bb1 27. Ra1 c2 28. Bd3 c1Q 29. Rxc1 Rxc1+ 30. Qxc1 Bxd3 31. Qc8+ Kh7 32. Re1 e5 33. Qh3 exf4 34. g4 Qb5 35. g5 Rg6 36. Qc8 Rxg5+ 37. Nxg5+ Qxg5+ 38. Kh1 f3 39. Rg1 f2 0-1

[Event "Norrkoeping Easter op"]
[Site "Norrkoeping"]
[Date "2009.04.10"]
[Round "2"]
[White "Smith, Axel"]
[Black "Arvidsson, Tomas"]
[Result "1-0"]
[WhiteElo "2426"]
[BlackElo "2122"]
[PlyCount "41"]
[EventDate "2009.04.10"]
[EventType "swiss"]
[EventRounds "8"]
[EventCountry "SWE"]
[SourceTitle "EXT 2012"]
[Source "ChessBase"]
[SourceDate "2011.11.24"]
[SourceVersion "1"]
[SourceVersionDate "2011.11.24"]
[SourceQuality "1"]

1. g3 Nf6 2. Bg2 g6 3. Nf3 Bg7 4. 0-0 d6 5. c4 0-0 6. Nc3 Nc6 7. Rb1 e5 8. d3 Nh5 9. b4 Rb8 10. b5 Nd4 11. Nd5 Nxf3+ 12. Bxf3 Bh3 13. Bg2 Bxg2 14. Kxg2 Qd7 15. Be3 c6 16. Nc3 b6 17. bxc6 Qxc6+ 18. f3 a6 19. Nd5 Rb7 20. Rxb6 Rxb6 21. Ne7+ 1-0

[Event "SWE-chT2 0809"]
[Site "Sweden"]
[Date "2009.03.15"]
[Round "9"]
[White "Braathen, Tom"]
[Black "Arvidsson, Tomas"]
[Result "1/2-1/2"]
[WhiteElo "2111"]
[BlackElo "2122"]
[PlyCount "58"]
[EventDate "2008.10.25"]
[EventType "team-tourn"]
[EventRounds "9"]
[EventCountry "SWE"]
[SourceTitle "EXT 2011"]
[Source "ChessBase"]
[SourceDate "2010.11.26"]
[SourceVersion "1"]
[SourceVersionDate "2010.11.26"]
[SourceQuality "1"]

1. e4 c5 2. Nf3 Nc6 3. d4 cxd4 4. Nxd4 Nf6 5. Nc3 e5 6. Ndb5 d6 7. Bg5 a6 8. Na3 b5 9. Nd5 Be7 10. Bxf6 Bxf6 11. c3 0-0 12. Nc2 Bg5 13. Be2 g6 14. a4 bxa4 15. Rxa4 a5 16. Nce3 Rb8 17. b3 Kh8 18. Rc4 Bd7 19. h4 Bxh4 20. Bg4 f5 21. exf5 gxf5 22. Bxf5 Bxf2+ 23. Kxf2 Bxf5 24. Kg1 Qe8 25. Nxf5 Rxf5 26. Rh6 Qf8 27. Ne3 Qxh6 28. Nxf5 Qe6 29. Rxc6 Qxf5 1/2-1/2

[Event "SWE-chT2 0809"]
[Site "Sweden"]
[Date "2009.03.14"]
[Round "8"]
[White "Lissang, Christopher"]
[Black "Arvidsson, Tomas"]
[Result "0-1"]
[WhiteElo "2345"]
[BlackElo "2122"]
[PlyCount "72"]
[EventDate "2008.10.25"]
[EventType "team-tourn"]
[EventRounds "9"]
[EventCountry "SWE"]
[SourceTitle "EXT 2011"]
[Source "ChessBase"]
[SourceDate "2010.11.26"]
[SourceVersion "1"]
[SourceVersionDate "2010.11.26"]
[SourceQuality "1"]

1. d4 Nf6 2. Nf3 g6 3. c4 d6 4. Nc3 Bg7 5. Bf4 Nh5 6. Bg5 h6 7. Bh4 g5 8. Bg3 Nxg3 9. hxg3 Bg4 10. e3 Nd7 11. Be2 c5 12. Ng1 Bf5 13. g4 cxd4 14. exd4 Bg6 15. Qd2 Rc8 16. b3 Nf6 17. Bf3 Qd7 18. Qe2 0-0 19. Rd1 Rfe8 20. Kf1 a6 21. Na4 Qc7 22. c5 d5 23. Qd2 e5 24. dxe5 Rxe5 25. Ne2 Rce8 26. Nd4 Ne4 27. Qb4 a5 28. Nb5 axb4 29. Nxc7 Nd2+ 30. Kg1 Re1+ 31. Kh2 Be5+ 32. Kh3 Rxh1+ 33. Rxh1 Bxc7 34. Bxd5 Be4 35. Bxe4 Nxe4 36. f3 Nf2# 0-1

[Event "SWE-chT2 0809"]
[Site "Sweden"]
[Date "2009.03.13"]
[Round "7"]
[White "Arvidsson, Tomas"]
[Black "Logdahl, Ulf"]
[Result "1-0"]
[WhiteElo "2122"]
[BlackElo "1990"]
[PlyCount "81"]
[EventDate "2008.10.25"]
[EventType "team-tourn"]
[EventRounds "9"]
[EventCountry "SWE"]
[SourceTitle "EXT 2011"]
[Source "ChessBase"]
[SourceDate "2010.11.26"]
[SourceVersion "1"]
[SourceVersionDate "2010.11.26"]
[SourceQuality "1"]

1. e4 e5 2. Nf3 Nc6 3. Bc4 Nf6 4. d3 Be7 5. c3 d6 6. h3 0-0 7. 0-0 Be6 8. Nbd2 h6 9. Re1 Nh7 10. Bxe6 fxe6 11. Qb3 Qc8 12. d4 exd4 13. cxd4 Nd8 14. d5 e5 15. Nf1 Qd7 16. Ng3 b6 17. Nf5 Bf6 18. Qc4 Nf7 19. h4 h5 20. a4 g6 21. Ne3 Bg7 22. Ra3 Bh6 23. Nd1 Kh8 24. Nc3 a6 25. Na2 b5 26. Qc2 Bg7 27. Bd2 Rfc8 28. Ra1 Nd8 29. Ng5 Nxg5 30. hxg5 c5 31. Rh3 b4 32. Qd1 Kg8 33. Nc1 a5 34. Ne2 Nf7 35. Ng3 Qe7 36. Nxh5 Nxg5 37. Rg3 gxh5 38. Bxg5 Qf8 39. Qxh5 Qf7 40. Qh4 Kf8 41. Rf3 1-0

[Event "SWE-chT2 0809"]
[Site "Sweden"]
[Date "2009.02.07"]
[Round "5"]
[White "Nordstrom, Felix"]
[Black "Arvidsson, Tomas"]
[Result "1/2-1/2"]
[WhiteElo "2209"]
[BlackElo "2122"]
[PlyCount "45"]
[EventDate "2008.10.25"]
[EventType "team-tourn"]
[EventRounds "9"]
[EventCountry "SWE"]
[SourceTitle "EXT 2011"]
[Source "ChessBase"]
[SourceDate "2010.11.26"]
[SourceVersion "1"]
[SourceVersionDate "2010.11.26"]
[SourceQuality "1"]

1. d4 Nf6 2. c4 g6 3. Nc3 Bg7 4. e4 d6 5. f3 0-0 6. Be3 e5 7. Nge2 Nbd7 8. Qd2 c6 9. d5 Nb6 10. b3 cxd5 11. cxd5 Nh5 12. 0-0-0 f5 13. Kb1 Kh8 14. Nc1 a6 15. Bd3 Nd7 16. exf5 gxf5 17. g4 fxg4 18. fxg4 Nf4 19. h3 Qa5 20. Bc2 Nc5 21. Ne4 Qxd2 22. Rxd2 Nxe4 23. Bxe4 1/2-1/2

[Event "SWE-chT2 0809"]
[Site "Sweden"]
[Date "2008.10.26"]
[Round "2"]
[White "Nygren, David"]
[Black "Arvidsson, Tomas"]
[Result "0-1"]
[WhiteElo "2245"]
[BlackElo "2122"]
[PlyCount "92"]
[EventDate "2008.10.25"]
[EventType "team-tourn"]
[EventRounds "9"]
[EventCountry "SWE"]
[SourceTitle "EXT 2011"]
[Source "ChessBase"]
[SourceDate "2010.11.26"]
[SourceVersion "1"]
[SourceVersionDate "2010.11.26"]
[SourceQuality "1"]

1. e4 c5 2. c3 Nf6 3. e5 Nd5 4. d4 cxd4 5. Nf3 Nc6 6. Bc4 Nb6 7. Bb3 d5 8. exd6 Qxd6 9. 0-0 d3 10. Na3 Bf5 11. Nb5 Qd7 12. Be3 e6 13. Nxa7 Rxa7 14. Bxb6 Ra6 15. Be3 Be7 16. Bc4 Ra8 17. Re1 0-0 18. Nd4 Bg6 19. Bxd3 Bxd3 20. Qxd3 Ne5 21. Qe2 Rfc8 22. Red1 Qe8 23. Bf4 Ng6 24. Bg3 Rc5 25. Qe4 Qc8 26. a3 Ra6 27. f3 Rc4 28. Qe2 h5 29. h3 Bg5 30. Kh1 h4 31. Bh2 Rb6 32. Rab1 Ne7 33. Bg1 Ra6 34. Bf2 Ra5 35. Be3 Re5 36. Nc2 Nf5 37. Qf2 Bxe3 38. Nxe3 Rxe3 39. Rd2 Qc7 40. Rbd1 Qe5 41. Kg1 Ng3 42. a4 Rxa4 43. Rd8+ Kh7 44. Qc2+ g6 45. Qxa4 Re1+ 46. Kh2 Ne4+ 0-1

[Event "SWE-chT2 0809"]
[Site "Sweden"]
[Date "2008.10.25"]
[Round "1"]
[White "Arvidsson, Tomas"]
[Black "Nilsson, Victor"]
[Result "1-0"]
[WhiteElo "2122"]
[BlackElo "2139"]
[PlyCount "67"]
[EventDate "2008.10.25"]
[EventType "team-tourn"]
[EventRounds "9"]
[EventCountry "SWE"]
[SourceTitle "EXT 2011"]
[Source "ChessBase"]
[SourceDate "2010.11.26"]
[SourceVersion "1"]
[SourceVersionDate "2010.11.26"]
[SourceQuality "1"]

1. e4 c5 2. Nc3 e6 3. g3 Nc6 4. Bg2 Nf6 5. f4 d5 6. e5 Nd7 7. d3 Rb8 8. a4 a6 9. Nh3 b5 10. axb5 axb5 11. 0-0 Be7 12. Ne2 b4 13. b3 0-0 14. Bb2 Bb7 15. Nf2 Qc7 16. Bh3 Ra8 17. Rxa8 Rxa8 18. f5 exf5 19. Nf4 Ncxe5 20. Bxf5 Nf6 21. d4 cxd4 22. Bxd4 Bc5 23. Kg2 Bxd4 24. Qxd4 Nc6 25. Qd2 d4 26. Kh3 Ne7 27. Bg4 Qc6 28. Qxb4 Ng6 29. Rg1 Nxg4 30. Nxg4 Nxf4+ 31. gxf4 Qf3+ 32. Rg3 Qf1+ 33. Kh4 Be4 34. Nf6+ 1-0

[Event "Hallstahammar op"]
[Site "Hallstahammar"]
[Date "2004.09.12"]
[Round "7"]
[White "Arvidsson, Tomas"]
[Black "Andersson, Gorgen"]
[Result "0-1"]
[WhiteElo "2034"]
[BlackElo "1845"]
[PlyCount "60"]
[EventDate "2004.09.10"]
[EventType "swiss"]
[EventRounds "8"]
[EventCountry "SWE"]
[SourceTitle "EXT 2005"]
[Source "ChessBase"]
[SourceDate "2004.11.15"]
[SourceVersion "1"]
[SourceVersionDate "2004.11.15"]
[SourceQuality "1"]

1. e4 e5 2. Nf3 Nc6 3. Bc4 Nf6 4. 0-0 Bc5 5. d3 d6 6. c3 Be6 7. Bb3 Bxb3 8. axb3 0-0 9. Re1 d5 10. b4 dxe4 11. bxc5 exf3 12. Qxf3 Qd5 13. Qxd5 Nxd5 14. b4 a6 15. f3 Rad8 16. Kf2 Rfe8 17. g3 f5 18. g4 fxg4 19. fxg4 Nf6 20. g5 Nd5 21. Kg3 Nf4 22. d4 Nd3 23. Rd1 Nxc1 24. Rxc1 exd4 25. cxd4 Rxd4 26. b5 axb5 27. Nc3 Rd3+ 28. Kf4 Nd4 29. Rd1 Ne6+ 30. Kf5 Rxc3 0-1